000 00535cam a2200157 4500500
005 20260329015740.0
041 _afre
042 _adc
100 1 0 _aFiorillo, Fausto
_eauthor
700 1 0 _aMazaleyrat, Frédéric
_eauthor
245 0 0 _aConverters and electrical machines
260 _c2026.
500 _a58
786 0 _nConversion of electrical energy | - | 2026-03-04 | p. 3-3
856 4 1 _uhttps://stm.cairn.info/measurement-and-testing-in-electrical-engineering--bdti42247210-d1505-page-3?lang=en&redirect-ssocas=7080
999 _c1900682
_d1900682